000 00509nam a2200181Ia 4500
008 090123s9999 xx 000 0 und d
082 _b16082
100 _aनानल रमेश
245 _aआहार रहस्य
250 _a1
260 _bघरकुल प्रकाशन
_c1986
300 _a86
600 _aनानल रमेश
630 _aआहार रहस्य
700 _aनानल रमेश
730 _aआहार रहस्य
942 _cBOOK
999 _c54145
_d54145